| 000 | 00822nam a2200301 a 4500 | ||
|---|---|---|---|
| 003 | AR-BaBNM | ||
| 005 | 20251128204824.0 | ||
| 008 | 082120s2002 ||||||||||||||000 | spa|| | ||
| 020 | _a950-507-301-1 | ||
| 040 | _cAR-BaBNM | ||
| 100 | 1 | _aGudiño Kieffer, Eduardo | |
| 245 | 0 | 0 | _aReina de colibres |
| 260 |
_aBuenos Aires _bBonum _c1991 |
||
| 300 |
_a101 p. _bil. |
||
| 490 | 0 |
_aLuna de papel. Verde _vv. 3 |
|
| 500 | _aContiene carta del autor y de la ilustradora | ||
| 650 | 4 | _aLITERATURA INFANTIL | |
| 650 | 4 | _aAMOR | |
| 650 | 4 | _aCUENTOS DE AVENTURAS | |
| 650 | 4 | _aLIBROS PARA NIÑOS | |
| 650 | 4 | _aVALORES SOCIALES | |
| 653 | _aDESCUBRIMIENTO DE AMERICA | ||
| 655 | _aLITERATURA | ||
| 700 | 1 |
_aHilb, Nora I. _eilustrador |
|
| 800 | 1 |
_aCibils, María Teresa _edirector |
|
| 942 | _cBK | ||
| 998 | _cLAURA | ||
| 999 |
_c8960 _d8960 |
||